000 00558nam a2200205Ia 4500
003 GBCCL
005 20241126110351.0
008 170331b xxu||||| |||| 00| 0 eng d
020 _a9788173627866
040 _cgbc
082 _a275.4
_bGEO
100 _aGeorge, K.M.
_91651
245 _aChristianity in India through the centuries /
_bK.M. George.
260 _bAuthentic,
_aSecunderabad :
_c2010.
260 _c2010
300 _a381p. ;
_b23cm.
650 _aChristianity
_vIndia
_91652
650 _aChruch History
_91653
942 _eREPRINT
_2ddc
_cBK
_013
999 _c992
_d992